000 00756nam a2200229 i 4500
001 58213
003 ES-MaACL
007 t|
008 031021s1983 sp ||||1| spa d
020 _a84-7039-408-8
100 1 _aDuque de Estrada, Diego.
_946156
245 1 0 _aComentarios del desengañado de sí mismo
_b: vida del mismo autor /
_cDiego Duque de Estrada ; edición, introducción y notas de Henry Ettinghausen.
260 _aMadrid :
_bCastalia,
_c[1983]
300 _a553 p. ;
_c18 cm.
490 1 _aClásicos Castalia ;
_v109
500 _aIndice.
504 _aBibliografía: p. 70.
700 1 _aEttinghausen, Henry.
_948297
830 0 _aClásicos Castalia ;
_v109
_9178595
852 _aES-MaACL
_jL-9011
_bR.110333
999 _c58213
_d58213